A commentary on Plato's timaeus
محفوظ في:
| المؤلف الرئيسي: | |
|---|---|
| التنسيق: | كتاب |
| اللغة: | الإنجليزية |
| منشور في: |
Oxford
Clarendon Press
1962
|
| الموضوعات: | |
| الوسوم: |
إضافة وسم
لا توجد وسوم, كن أول من يضع وسما على هذه التسجيلة!
|
MARC
| LEADER | 00000nam a2200000 a 4500 | ||
|---|---|---|---|
| 001 | UCY6282 | ||
| 003 | CL-VaPUC | ||
| 008 | 950521e19620000UK |||||||||||||||||eng|d | ||
| 082 | 0 | 4 | |a 184 |b TAY |2 21 |
| 100 | 0 | |a Taylor, Alfred Edward |e author |9 336141 | |
| 245 | 1 | 2 | |a A commentary on Plato's timaeus |
| 300 | |a 700 p | ||
| 942 | |c BK | ||
| 945 | |d 19950521 00:00:00 |a oaravena | ||
| 260 | |a Oxford |b Clarendon Press |c 1962 | ||
| 600 | 0 | 7 | |a PLATON |2 CL-VaPUC |9 222 |
| 600 | 0 | |a Sócrates |9 266368 | |
| 650 | 0 | |a Filosofía |9 223554 | |
| 650 | 0 | |a Filosofía antigua |9 255705 | |
| 650 | 0 | |a Platonismo |9 265673 | |
| 650 | 0 | |a Política |9 255312 | |
| 651 | 0 | |a Grecia |9 265314 | |
| 583 | |a last modification |c 19950521 00:00:00 |k Rodrigo Vera | ||
| 999 | |c 233859 |d 233857 | ||
| 952 | |0 0 |1 0 |4 0 |6 184_000000000000000_TAY_1962 |7 0 |8 P |9 239655 |a BIBEDU |b BIBEDU |c BIBEDU_PB |d 2019-11-18 |i 1506668 |o 184 TAY 1962 |p 1506668 |r 2024-01-25 |w 2019-11-18 |y BK |k FIL | ||